<?xml version="1.0" encoding="UTF-8" ?>
<collection xmlns="http://www.loc.gov/MARC21/slim"><record><leader>01301nam a2200277 nc4500</leader><controlfield tag="001">47829</controlfield><controlfield tag="003">CH-000273-5</controlfield><controlfield tag="005">20171020072552.0</controlfield><datafield tag="035" ind1=" " ind2=" "><subfield code="a">(OCoLC)315747309</subfield></datafield><datafield tag="040" ind1=" " ind2=" "><subfield code="a">CH-000273-5</subfield><subfield code="b">ger</subfield><subfield code="e">rda</subfield></datafield><datafield tag="041" ind1=" " ind2=" "><subfield code="a">ger</subfield></datafield><datafield tag="100" ind1="1" ind2="0"><subfield code="0">(DE-588)1055476768</subfield><subfield code="a">Wartmann, Wilhelm</subfield><subfield code="d">1882-1970</subfield><subfield code="e">Verfasser</subfield><subfield code="4">aut</subfield></datafield><datafield tag="245" ind1="0" ind2="0"><subfield code="a">Albert Welti</subfield><subfield code="b">1862 - 1912 : vollständiges Verzeichnis des graphischen Werkes mit den verschiedenen Plattenzuständen und Drucken</subfield><subfield code="c">bearbeitet von W. Wartmann ; herausgegeben durch die Zürcher Kunst-Gesellschaft</subfield></datafield><datafield tag="250" ind1=" " ind2=" "><subfield code="a">2., durchgesehene Ausgabe</subfield></datafield><datafield tag="264" ind1="0" ind2="1"><subfield code="a">Zürich</subfield><subfield code="b">Zürcher Kunstgesellschaft</subfield><subfield code="c">1913</subfield></datafield><datafield tag="300" ind1=" " ind2=" "><subfield code="a">64 S., XXIV Tafeln</subfield><subfield code="b">Illustrationen, schwarz-weiss</subfield><subfield code="c">27 cm</subfield></datafield><datafield tag="336" ind1=" " ind2=" "><subfield code="a">Text</subfield><subfield code="b">txt</subfield><subfield code="2">rdacontent</subfield></datafield><datafield tag="336" ind1=" " ind2=" "><subfield code="a">unbewegtes Bild</subfield><subfield code="b">sti</subfield><subfield code="2">rdacontent</subfield></datafield><datafield tag="337" ind1=" " ind2=" "><subfield code="a">ohne Hilfsmittel zu benutzen</subfield><subfield code="b">n</subfield><subfield code="2">rdamedia</subfield></datafield><datafield tag="338" ind1=" " ind2=" "><subfield code="a">Band</subfield><subfield code="b">nc</subfield><subfield code="2">rdacarrier</subfield></datafield><datafield tag="600" ind1="1" ind2="7"><subfield code="0">(DE-588)118766759</subfield><subfield code="a">Welti, Albert</subfield><subfield code="d">1862-1912</subfield><subfield code="x">Druckgrafik</subfield><subfield code="v">Werkverzeichnis</subfield><subfield code="2">gnd</subfield></datafield><datafield tag="655" ind1="0" ind2="7"><subfield code="a">Werkverzeichnis</subfield><subfield code="2">gnd-content</subfield></datafield><datafield tag="700" ind1="1" ind2="0"><subfield code="0">(DE-588)118766759</subfield><subfield code="a">Welti, Albert</subfield><subfield code="d">1862-1912</subfield><subfield code="e">Künstler</subfield><subfield code="4">art</subfield></datafield><datafield tag="710" ind1="2" ind2="0"><subfield code="0">(DE-588)2027369-1</subfield><subfield code="a">Zürcher Kunstgesellschaft</subfield><subfield code="e">Herausgebendes Organ</subfield><subfield code="4">isb</subfield></datafield><datafield tag="852" ind1="4" ind2="0"><subfield code="a">CH-000273-5</subfield><subfield code="c">Cb 30a</subfield></datafield><datafield tag="856" ind1="4" ind2="1"><subfield code="u">https://digital.kunsthaus.ch:443/viewer/image/47829/1/</subfield><subfield code="y">Kunsthaus Zürich Sammlungen online</subfield></datafield></record></collection>